000 00746nam a22002417a 4500
999 _c4058
_d4058
003 AR-CdUCM
008 190307b ||||| |||| 00| 0 eng d
020 _a84-499-6645-0
040 _aMUNICIPALIDAD PROVINCIAL DEL CUSCO
_cBIBLIOTECA MUNICIPAL DEL CUSCO
082 _a890 /
_bSO66
100 _aSoljenitsin, Alexander
_912906
245 _aUn día en la Vida de Ivan Denisovich /
260 _aMadrid :
_bEdiciones Orbis,
_bHyspamerica
_c1983.
300 _a154 paginas ;
_c20cm.
440 _aPremio Nobel
_n22
_912907
500 _aOdin Dien Ivana Denisovich - titulo original
650 _aLiteratura
_983
650 _aNovelas
_9218
650 _aSiglo XX
_98
700 _aFerrer Aleu, J
_912526
942 _2ddc
_cLIBROS
945 _apjha